000 00675nam a2200193 i 4500
001 153409
003 ES-MaACL
005 20250822062554.0
008 950720s1876 be |||| | fre d
040 _aCAM
_bspa
_cCAM
100 1 _aDelboeuf, Joseph.
_943345
245 1 3 _aLa psychologie comme science naturelle
_b: son present et son avenir /
_cpar J. Delboeuf.
260 _aBruxelles :
_bC. Muquardt,
_c1876 (
_fM. Wissenbruch)
300 _a111 p. ;
_c23 cm.
650 0 7 _aPsicologĂ­a
_2embne
_916540
852 _aES-MaACL
_jT-205-F-1
_z-- Enc. hol., falto de la enc. original
_z-- Enc. en un vol. facticio
852 _aES-MaACL
_jF-8106
999 _c153409
_d153409